01017naa a22002537a 4500001001000000003000900010005001700019007000300036008003400039040005400073041000900127072002000136100001500156100001600171100001600187111011700203245009800320260004000418500013100458650001500589650001300604650001800617773012800635BR7907199BR-BrBNA20240918174502.0ta230509b bl.||||| |||| 00| 0 por d aBR-BrBNAbporcBiblioteca Nacional de Agricultura a(Pt) aF00b0120bG5141 aMaia, N.G.1 aCaetano, W.1 aChisman, M.1 a24. Reuniao Tecnica Anual do Milho; 8. Reuniao Tecnica Anual do Sorgo GraniferocPorto Alegre, RS (Brazil)d19791 aRendimento de quatro hibridos de milho em tres epocas de colheita [Rio Grande do Sul, Brasil]3 aPorto Alegre, RS (Brasil): c1979.  aAta da 24. Reuniao Tecnica Anual do Milho e 8. do Sorgo Granifero Porto Alegre, RS (Brasil): 1979. p. 28-29 (BR7907199-AM)F00  aRENDIMENTO aCOLHEITA aMILHO HIBRIDO0 tAta da 24. Reuniao Tecnica Anual do Milho e 8. do Sorgo GraniferowF00 BR7907199gPorto Alegre, RS (Brasil), 1979. p. 28-29